书目信息 |
| 题名: |
《公民道德建设实施纲要》学习导读
|
|
| 作者: | 本书编写组 | |
| 分册: | ||
| 出版信息: | 北京 人民日报出版社 2001 |
|
| 页数: | 187页 | |
| 开本: | 20cm | |
| 丛书名: | ||
| 单 册: | ||
| 中图分类: | D648.3 | |
| 科图分类: | ||
| 主题词: | 政治--中国 | |
| 电子资源: | ||
| ISBN: | 7-80153-463-8 | |
| 000 | 00554nam0 2200181 450 | |
| 001 | 0738136601 | |
| 005 | 20070726091613.54 | |
| 010 | @a7-80153-463-8@dCNY10.00 | |
| 100 | @a20070720d2001 km y0chiy0120 ea | |
| 101 | 0 | @achi |
| 102 | @aCN@b110000 | |
| 200 | 1 | @a《公民道德建设实施纲要》学习导读@A《gong min dao de jian she shi shi gang yao》xue xi dao du@f本书编写组@Fben shu bian xie zu |
| 210 | @a北京@c人民日报出版社@d2001 | |
| 215 | @a187页@d20cm | |
| 606 | 0 | @a政治@x中国 |
| 690 | @aD648.3@v3 | |
| 801 | 0 | @aCN@bPFT@c20070726 |
| 905 | @a10447@dD648.3@e148 | |
| 《公民道德建设实施纲要》学习导读/本书编写组.-北京:人民日报出版社,2001 |
| 187页;20cm |
| ISBN 7-80153-463-8:CNY10.00 |
| ● |
| 相关链接 |
|
|
|
|
正题名:《公民道德建设实施纲要》学习导读
索取号:D648.3/148
 
预约/预借
| 序号 | 登录号 | 条形码 | 馆藏地/架位号 | 状态 | 备注 |
| 1 | 0769495 | 207694958 | 第一样本阅览室/ [索取号:D648.3/148] | 在馆 |